000 00655nam a22001817a 4500
005 20251108164127.0
008 250721s1996 xx 000 0 ara d
082 1 4 _a031.02/محم
100 1 _aأبو سعيفان، محمد أحمد
245 1 0 _aإختبر معلوماتك الثقافية العلمية مع كنز المعلومات :
_b500 سؤال في المعلومات الثقافية ... /
264 1 _aعمان :
_bدار الاسراء للنشر و التوزيع،
_c1996.
300 _aج
650 1 7 _aالأسئلة و الأجوبة
650 1 7 _aالثقافة
650 1 7 _aالعلوم
942 _2ddc
_cBK
999 _c4289
_d4289